CONJUGAISON:Présent - Statistiques

Statistiques générales
  • Ce quiz a été pris 237 fois
  • Le résultat moyen est 12 sur 12
Statistiques - réponses
Pronom personnel Verbe % Correct
tu es
99%
Je Suis
99%
il/ elle/ on est
98%
vous êtes
98%
nous Sommes
98%
ils/elles sont
98%
il/elle/on a
97%
je Ai
96%
tu as
96%
vous avez
95%
nous avons
95%
ils/elles ont
95%
Aucun quiz correspondant
Distribution des résultats
% des personnes avec chaque résultat
Percentile par nombre de réponses
Votre historique - résultats
Vous n’avez pas pris ce quiz